| 000 | 00832nam a2200265 a 4500 | ||
|---|---|---|---|
| 005 | 20140310182410.0 | ||
| 008 | 130126s19uu xx 00 eng d | ||
| 020 | _a9781425807382 | ||
| 050 |
_aLB 1576 _b.C752 2011 |
||
| 100 | _aConklin, Wendy | ||
| 245 |
_aActivities for a differentiated classroom : _cDeveloped by Wendy Conklin. _blevel 6 / |
||
| 260 |
_aHuntington Beach, CA : _bShell Education, _c2011. |
||
| 300 |
_a168 p. _bill. ; _c28 cm. |
||
| 650 | _aIndividualized instruction | ||
| 650 |
_aMotivation in education _xUnited States |
||
| 650 | _aMixed ability grouping in education | ||
| 700 | _aBarilla, Rosemary | ||
| 700 | _aBobak, Lori | ||
| 700 | _aCampbell, Katherine | ||
| 700 | _aChipain, George | ||
| 700 | _aKlepitsch, Kim | ||
| 700 | _aKuligowski, Stephanie | ||
| 942 |
_cBK _2lcc |
||
| 999 |
_c12821 _d12821 |
||